IUP journal of applied finance

Bibliographic Details
Format: Unknown
Language:English
Published: Hyderabad (India) : IUP Publications
Online Access:Acceso restringido

MARC

LEADER 00000ny a22000003n 4500
005 20110516112728.0
008 101020c199u9999ii un p 0 a0eng d
022 |a 0972-5105 
035 |a 5170 
040 |a BUS  |d vLex 
090 |c 1940  |d 1940 
245 3 0 |a IUP journal of applied finance  |h [Recurso electrn̤ico] 
256 |a Servicio en ln̕ea 
260 |a Hyderabad (India) :  |b IUP Publications 
506 1 |a Contenido solo disponible en los productos indicados  |d vLex Global  |d vLex Global (Academic Edition, excluding Law Schools)  |d vLex Global (U.S. Academic Edition, excluding Law Schools) 
740 |a vLex Revista (Servicios en ln̕ea) 
843 |a Electrn̤ica. Abierta 
853 |8 1  |i (year)  |j (month)  |k (day) 
856 4 0 |z Acceso restringido  |u http://vlex.com/account/login_ip?fuente_id=5170 
942 |c REV 
999 0 |a Business and economics